000 00517nam a2200121Ia 4500
008 220615s9999||||xx |||||||||||||| ||und||
245 0 _aModels and Analysis of Vocal Emissions for Biomedical Applications
_b12th International Workshop, December, 14-16, 2021
546 _aEnglish[eng]
650 _avoice models and analysis||speech||biomechanics||singing voice||newborn cry analysis
700 _aManfredi, Claudia
856 _uhttps://library.oapen.org/bitstream/20.500.12657/55665/1/9788855184496.pdf
942 _cEB
999 _c18021
_d18021